00715 2200193 4500001002100000005001500021035002000036245016600056100001800222250002000240300005700260856002200317700008300339260003800422082000800460084001400468020002200482600001700504INLIS00000000114812120260331080917 a0010-03260006321 aMenembus Batas dan Sekumpulan Naskah Drama Anak Bangsa /cPenulis; Irsyad, et al., Penyunting; Abd. Kholiq, Tata Letak; rl. lendo, Desain Sampul; Aulia Rahmat SM0 aIrsyad, et al aCetakan Pertama aviii, 138 halaman :bIlustrasi ;c14 x 20 cmeKertas aPerpustakaan Umum0 aPenyunting; Abd. Kholiq, Tata Letak; rl. lendo, Desain Sampul; Aulia Rahmat SM aYogyakarta :bISTANA MEDIA,c2025 a812 a812 IRS m a978-602-0763-92-7 4aNaskah Drama